<?xml version="1.0" encoding="UTF-8"?>
<record
    xmlns:xsi="http://www.w3.org/2001/XMLSchema-instance"
    xsi:schemaLocation="http://www.loc.gov/MARC21/slim http://www.loc.gov/standards/marcxml/schema/MARC21slim.xsd"
    xmlns="http://www.loc.gov/MARC21/slim">

  <leader>02283nam a22001577a 4500</leader>
  <datafield tag="082" ind1=" " ind2=" ">
    <subfield code="a">610</subfield>
  </datafield>
  <datafield tag="100" ind1=" " ind2=" ">
    <subfield code="a">Hadiqa Shahid</subfield>
    <subfield code="9">132706</subfield>
  </datafield>
  <datafield tag="245" ind1=" " ind2=" ">
    <subfield code="a">Cinnamon-derived Carbon Dots as Therapeutic Intervention for Cognitive Impairment and Neuropathy Associated With Diabetes /</subfield>
    <subfield code="c">Shahid, Hadiqa </subfield>
  </datafield>
  <datafield tag="264" ind1=" " ind2=" ">
    <subfield code="a">Islamabad : </subfield>
    <subfield code="b">SMME- NUST; </subfield>
    <subfield code="c">2025.</subfield>
  </datafield>
  <datafield tag="300" ind1=" " ind2=" ">
    <subfield code="a">151p.</subfield>
    <subfield code="b">Soft Copy</subfield>
    <subfield code="c">30cm</subfield>
  </datafield>
  <datafield tag="500" ind1=" " ind2=" ">
    <subfield code="a">Diabetes mellitus, a chronic metabolic disorder affecting over 589 million adults globally,
induces diabetes-associated cognitive impairment and peripheral neuropathy through
sustained hyperglycemia, oxidative stress, neuroinflammation, and blood-brain barrier
dysfunction. Existing therapies inadequately target both central and peripheral neural
damage due to poor blood-brain barrier penetration. This study developed cinnamon barkderived carbon nanodots (CIN-CNDs) conjugated with chenodeoxycholic acid (CINCDCA) via green hydrothermal synthesis as a novel nanotherapeutic for diabetesassociated complications. Characterization using UV-Visible spectroscopy, Fourier
Transform Infrared spectroscopy (FTIR), Atomic Force Microscopy (AFM), and Scanning
Electron Microscopy (SEM) confirmed nanoscale particle formation (average 4.4 nm),
successful functionalization, and surface morphology suitable for biomedical
applications. Physicochemical testing demonstrated excellent hemocompatibility (&lt;5%
hemolysis), high drug loading efficiency (85 &#xB1; 3%), pH-stable hydrolytic stability across
physiological ranges, and controlled sustained release profile over 72 hours. In
streptozotocin-induced diabetic mice, CIN-CDCA nanoconjugates (10 mg/kg, i.p., 1, 4, 14
days) showed significant improvements across comprehensive neuropathic pain
assessments (cold allodynia, hot plate, paw pressure, tail immersion; all p&lt;0.01) and
cognitive function tests (Morris water maze, Y-maze, novel object recognition, open
field).CIN-CDCA nanoconjugates demonstrate biocompatibility, targeted delivery, and
disease-modifying efficacy for diabetes-associated neural complications, warranting
clinical translation.</subfield>
  </datafield>
  <datafield tag="650" ind1=" " ind2=" ">
    <subfield code="a">MS Biomedical Sciences (BMS)  </subfield>
  </datafield>
  <datafield tag="700" ind1=" " ind2=" ">
    <subfield code="a">Supervisor : Dr. Aneeqa Noor</subfield>
    <subfield code="9">119519</subfield>
  </datafield>
  <datafield tag="856" ind1=" " ind2=" ">
    <subfield code="u">http://10.250.8.41:8080/xmlui/handle/123456789/57138</subfield>
  </datafield>
  <datafield tag="942" ind1=" " ind2=" ">
    <subfield code="2">ddc</subfield>
    <subfield code="c">THE</subfield>
  </datafield>
  <datafield tag="999" ind1=" " ind2=" ">
    <subfield code="c">615768</subfield>
    <subfield code="d">615768</subfield>
  </datafield>
  <datafield tag="952" ind1=" " ind2=" ">
    <subfield code="0">0</subfield>
    <subfield code="1">0</subfield>
    <subfield code="4">0</subfield>
    <subfield code="7">0</subfield>
    <subfield code="a">SMME</subfield>
    <subfield code="b">SMME</subfield>
    <subfield code="c">EB</subfield>
    <subfield code="d">2026-01-05</subfield>
    <subfield code="l">0</subfield>
    <subfield code="o">610</subfield>
    <subfield code="p">SMME-TH-1203</subfield>
    <subfield code="r">2026-01-05</subfield>
    <subfield code="w">2026-01-05</subfield>
    <subfield code="y">THE</subfield>
  </datafield>
</record>
